[Event "BEL-chT9899"]
[Site "Antwerp"]
[Date "1999.02.??"]
[Round "6"]
[White "De Wit, Dick"]
[Black "Krijgelmans, Johan"]
[Result "0-1"]
[WhiteElo "2244"]
[BlackElo "2270"]

1.Nf3 d5 2.g3 c5 3.Bg2 Nc6 4.d3 e5 5.O-O Bd6 6.e4 d4 7.Nbd2 Bg4 8.h3 Bh5
9.Nc4 Bc7 10.g4 Bg6 11.Ncxe5 Nxe5 12.Nxe5 Bxe5 13.f4 Bc7 14.f5 f6 15.fxg6 hxg6
16.e5 Bxe5 17.Qf3 Qc7 18.Qxb7 Qxb7 19.Bxb7 Rb8 20.Bc6+ Ke7 21.Bg2 g5 22.b3 Ke6
23.Bd2 Ne7 24.Rae1 Kd6 25.Rb1 Rb6 26.a4 Ng6 27.b4 Bf4 28.a5 Rbb8 29.Be4 Bxd2
30.bxc5+ Kxc5 31.Bxg6 Rxb1 32.Rxb1 Bxa5 33.Rb7 Bb6 34.Kg2 a5 35.Rxg7 Ra8
36.Rf7 a4 37.Rxf6 a3 38.Rf1 Ba5 39.Bf7 Bc3 40.Rf5+ Kb4 41.Rxg5 a2 42.Bxa2 Rxa2
43.Rg8 Rxc2+ 44.Kf3 Rd2 45.Ke4 Re2+ 46.Kd5 Kb3 47.h4 Re3 48.g5 Rxd3 49.g6 Rg3
50.g7 Kc2  0-1

[Event "BEL-chT9899"]
[Site "Antwerp"]
[Date "1999.02.??"]
[Round "6"]
[White "Carlier, Bruno"]
[Black "Dutreeuw, Marc"]
[Result "1-0"]
[WhiteElo "2415"]
[BlackElo "2394"]

1.Nf3 d5 2.g3 Bg4 3.Bg2 c6 4.O-O Nd7 5.d4 e6 6.Nbd2 Ngf6 7.Re1 Be7 8.e4 dxe4
9.Nxe4 Nxe4 10.Rxe4 Bf5 11.Re1 O-O 12.c3 h6 13.Qb3 Qb6 14.Nd2 Qxb3 15.axb3 Nb6
16.b4 a6 17.Nb3 Rad8 18.b5 axb5 19.Ra7 Rd7 20.Na5 Ra8 21.Rxb7 Rxb7 22.Nxb7 Nd5
23.Nc5 Ra7 24.h3 Kf8 25.g4 Bc2 26.f4 Ke8 27.Re2 Bg6 28.Kf2 Kd8 29.Kg3 Ra1
30.Re1 Kc7 31.Nb3 Ra2 32.Bxd5 cxd5 33.f5 Bd6+ 34.Bf4 exf5 35.gxf5 Bh5 36.Rb1 g6
37.Nc5 Ra8 38.Nd3 gxf5 39.Bxd6+ Kxd6 40.Nf4 Bg6 41.Re1 Ra2 42.Re2 Kc6 43.h4 h5
44.Kf3 b4 45.Nd3 b3 46.Nb4+ Kb5 47.Nxd5 f4 48.Nb4 f6 49.Kxf4 Ra1 50.Re6 Rf1+
51.Kg3 Bc2 52.Re2 Bg6 53.Rf2 Rg1+ 54.Kf3 Re1 55.Rd2 f5 56.d5 Be8 57.d6 Re6
58.Rd5+ Kc4 59.Rd4+ Kc5 60.Nd3+ Kc6 61.Nc1 Rxd6 62.Rxd6+ Kxd6 63.Nxb3 Ke5
64.Nc5 Bc6+ 65.Ke2 Bb5+ 66.Ke3  1-0

[Event "BEL-chT9899"]
[Site "Antwerp"]
[Date "1999.02.??"]
[Round "7"]
[White "Hausrath, Daniel"]
[Black "Cekro, Ekrem"]
[Result "1/2-1/2"]
[WhiteElo "2400"]
[BlackElo "2392"]

1.Nf3 d5 2.g3 Nf6 3.Bg2 c5 4.O-O g6 5.c4 d4 6.b4 Bg7 7.d3 O-O 8.Nbd2 cxb4
9.a3 bxa3 10.Bxa3 Nc6 11.Qb3 Qc7 12.Rfb1 Rb8 13.Ne1 Bg4 14.Ndf3 Rfe8 15.h3 Bc8
16.Nc2 e5 17.Nd2 Be6 18.Nb4 Nxb4 19.Qxb4 Bf8 20.Qb2 b6 21.Bxf8 Rxf8 22.Ra6 Bc8
23.Ra3 Be6 24.Ra6 Bc8 25.Ra3 Be6  1/2-1/2

[Event "Bucharest TIT"]
[Site "Bucharest"]
[Date "1999.03.05"]
[Round "5"]
[White "Ilic, Slobodan"]
[Black "Raceanu, Valentin"]
[Result "1/2-1/2"]
[WhiteElo "2199"]
[BlackElo "2234"]

1.Nf3 d5 2.g3 Nf6 3.Bg2 c6 4.O-O Bg4 5.d3 Nbd7 6.Nbd2 e5 7.h3 Bxf3 8.Nxf3 Bc5
9.c3 O-O 10.Qc2 e4 11.dxe4 Nxe4 12.Nd4 Qe7 13.Bxe4 dxe4 14.Kg2 Bxd4 15.cxd4 Nb6
16.Bd2 Nd5 17.e3 h5 18.h4 f5 19.Qd1 Qe8 20.b4 a6 21.a4 g6 22.b5 axb5 23.axb5 Rxa1
24.Qxa1 cxb5 25.Rc1 Qd7 26.Qa5 Kf7 27.Rc5 b6 28.Qxb5 Qxb5 29.Rxb5 Ke6 30.Rb2 Ra8
31.Kf1 Kd7 32.Ke2 Rb8 33.Kd1 b5 34.Kc2 Kc6 35.Ra2 Kb7 36.Rb2 Kb6 37.Ra2 Rc8+
38.Kb3 Kb7 39.Bb4 Ra8 40.Rc2 Rc8 41.Bc5 Rc6 42.Rb2  1/2-1/2

[Event "ISL-chT9899"]
[Site "Reykjavik"]
[Date "1999.03.05"]
[Round "?"]
[White "Gunnarsson, Arnar"]
[Black "Jensson, Einar Hjalti"]
[Result "1-0"]
[WhiteElo "2196"]
[BlackElo "2209"]

1.Nf3 d5 2.g3 g6 3.Bg2 Bg7 4.c4 d4 5.d3 c5 6.O-O Nc6 7.a3 e5 8.b4 cxb4 9.axb4 Nxb4
10.Ba3 Nc6 11.Nbd2 Nge7 12.Qa4 Bf5 13.Bxe7 Kxe7 14.Rfb1 Rb8 15.Ng5 Bh6 16.Bxc6 Bxg5
17.Nf3 bxc6 18.Rxb8 Qxb8 19.Nxg5 Kf6 20.h4 h6 21.Qxc6+ Kg7 22.Nf3 Re8 23.Rxa7 Qxa7
24.Qxe8 f6 25.Kg2 Qc7 26.h5 Qb7 27.hxg6 Bxg6 28.Qb5 Qc8 29.Nh4 Be8 30.Qb4 Bc6+
31.Kh2 Qd7 32.Qc5 Kf7 33.e3 dxe3 34.Qxe3 h5 35.Qe2 Ke6 36.Qxh5 Qxd3 37.Qg4+ Kd6
38.Nf5+ Kc5 39.Ne3 Qb1 40.Nd5 Qf1 41.Qf5 Qxc4 42.Nxf6 Qe2 43.Kh3 Bf3 44.Kh4 Kc4
45.Nd7 e4 46.Qc5+ Kd3 47.g4 Kd2 48.Ne5 Ke1 49.Kg3 Kf1 50.Qe3 Qd1 51.Nxf3 exf3
52.Qxf3 Qd6+ 53.Qf4 Qa3+ 54.Qe3 Qb2 55.g5 Qb8+ 56.f4 Qb2 57.Qf3+ Ke1 58.Qh1+  1-0

[Event "BL2-O9899"]
[Site "Germany"]
[Date "1999.03.07"]
[Round "7.2"]
[White "Espig, Lutz"]
[Black "Kunze, Carlo"]
[Result "1-0"]
[WhiteElo "2440"]
[BlackElo "2355"]

1.Nf3 d5 2.g3 Nf6 3.Bg2 Bg4 4.b3 Nbd7 5.Bb2 g6 6.d3 Bg7 7.Nbd2 O-O 8.O-O Re8
9.c4 c6 10.h3 Bxf3 11.Nxf3 e5 12.cxd5 Nxd5 13.Qc2 Nc7 14.Rad1 Qe7 15.Nd2 Rad8
16.Nc4 Nb5 17.e3 Nf8 18.a4 Nc7 19.Ba3 Qe6 20.Na5 Qc8 21.b4 a6 22.Rc1 Nfe6
23.Qb3 Qa8 24.Nc4 Qa7 25.Bb2 Nf8 26.Rfd1 h5 27.h4 Qb8 28.Na3 Nd7 29.b5 axb5
30.axb5 c5 31.Nc4 Ne6 32.Na5 Qc7 33.Nxb7 Rb8 34.Qd5 e4 35.Bxg7 Nxg7 36.Nd6 Re5
37.Qxf7+ Kh7 38.Nxe4 Rf8 39.Nf6+  1-0

[Event "Bucharest TIT (Women)"]
[Site "Bucharest"]
[Date "1999.03.10"]
[Round "7"]
[White "Calotescu, Cristina"]
[Black "Barasiant, Mariana"]
[Result "0-1"]
[WhiteElo "2120"]
[BlackElo "2057"]

1.Nf3 d5 2.g3 Nf6 3.Bg2 c6 4.O-O Bf5 5.d3 h6 6.Nfd2 e6 7.e4 Bh7 8.Nc3 Be7
9.Qe2 O-O 10.f4 Na6 11.Kh1 Rc8 12.Nd1 c5 13.Ne3 d4 14.Ng4 Nxg4 15.Qxg4 Nb4
16.Qd1 b5 17.a3 Nc6 18.f5 Ne5 19.fxe6 fxe6 20.Nf3 Nxf3 21.Rxf3 Kh8 22.Bf4 Bg5
23.Qd2 Bf6 24.Raf1 Be7 25.Bh3 Qd7 26.Be5 Rxf3 27.Rxf3 Bg5 28.Qf2 Bg8 29.Bg4 Be3
30.Qf1 c4 31.dxc4 bxc4 32.Qh3 Rc5 33.Bf4 Bxf4 34.Rxf4 d3 35.c3 Rb5 36.Rf8 d2
37.Bd1 Rxb2 38.g4 Rb1 39.Rf1 e5 40.Qe3 Qd8 41.Rg1 Bh7 42.h3 Qg5 43.Qf3 Qf4
44.Qxf4 exf4 45.e5 Kg8 46.Kg2 Bd3 47.h4 g5 48.hxg5 hxg5 49.Kf2 Kf7 50.Rh1 Bc2
51.e6+ Ke7 52.Ke2 Rxd1  0-1

[Event "Bucharest TIT (Women)"]
[Site "Bucharest"]
[Date "1999.03.12"]
[Round "9"]
[White "Calotescu, Cristina"]
[Black "Grigorieva, Angela"]
[Result "1-0"]
[WhiteElo "2120"]
[BlackElo "2115"]

1.Nf3 d5 2.g3 c6 3.Bg2 Bg4 4.b3 Nd7 5.Bb2 Ngf6 6.O-O e6 7.c4 Be7 8.d3 O-O
9.Nbd2 Re8 10.Qc2 Bd6 11.h3 Bh5 12.e4 dxe4 13.dxe4 e5 14.Nh4 Bc5 15.Ndf3 Qc7
16.Nf5 Bxf3 17.Bxf3 Nf8 18.Bc3 Ne6 19.b4 Bd4 20.Nxd4 Nxd4 21.Bxd4 exd4 22.c5 Qd7
23.Bg2 d3 24.Qc4 Rad8 25.Rab1 Qd4 26.Qxd4 Rxd4 27.f3 Nh5 28.Kf2 f5 29.g4 fxe4
30.fxe4 Nf6 31.Ke3 Rd7 32.Rb2 Nxe4 33.Bxe4 Rde7 34.Rf4 g5 35.Rf3 Rxe4+ 36.Kxd3 a6
37.a3 Re1 38.Rd2 Ra1 39.Kc4 Re4+ 40.Kb3 Rb1+ 41.Ka4 Re7 42.Rf5 h6 43.Rd6 Kg7
44.Rff6 Re3 45.Rg6+ Kf8 46.Rxh6 b6 47.Rh7 Kg8 48.Rc7 b5+ 49.Ka5 Rxa3+ 50.Kb6 Rf3
51.Kxa6 Rxb4 52.Rcxc6 Rxh3 53.Rc8+ Kf7 54.c6 Rxg4 55.Rcd8 Rc4 56.R8d7+ Kf8  1-0

[Event "Bucharest TIT (Women)"]
[Site "Bucharest"]
[Date "1999.03.14"]
[Round "11"]
[White "Marin Ionescu, Luiza"]
[Black "Barasiant, Mariana"]
[Result "1-0"]
[WhiteElo "2165"]
[BlackElo "2057"]

1.Nf3 d5 2.g3 Nf6 3.Bg2 c6 4.O-O Bf5 5.d3 h6 6.Nbd2 e6 7.Qe1 Be7 8.e4 Bh7
9.Qe2 O-O 10.b3 Na6 11.Bb2 Nb4 12.Ne1 c5 13.f4 Rc8 14.a3 Nc6 15.Nef3 dxe4
16.dxe4 a6 17.a4 Nb4 18.Rac1 Qc7 19.Ne5 Rfd8 20.c3 Nc6 21.Nxc6 bxc6 22.Rcd1 Qb6
23.c4 Rd7 24.f5 exf5 25.exf5 Rcd8 26.Bc3 Qc7 27.Rde1 Kh8 28.Ne4 Nxe4 29.Qxe4 Rd3
30.Bxg7+ Kxg7 31.Qxe7 Qxe7 32.Rxe7 R8d6 33.Re5 Rxb3 34.Rxc5 Rb6 35.a5 Rb8
36.g4 f6 37.Rxc6 Rxc6 38.Bxc6 Bg8 39.Bd5 Rd8 40.Bxg8  1-0

[Event "Bucharest TIT (Women)"]
[Site "Bucharest"]
[Date "1999.03.14"]
[Round "11"]
[White "Calotescu, Cristina"]
[Black "Duminica, Mariana"]
[Result "1-0"]
[WhiteElo "2120"]
[BlackElo "2162"]

1.Nf3 d5 2.g3 c6 3.Bg2 Nf6 4.O-O Bg4 5.b3 Bxf3 6.Bxf3 e5 7.Bb2 Nbd7 8.c4 Be7
9.cxd5 Nxd5 10.e4 Nc7 11.d4 Bf6 12.Na3 O-O 13.Nc4 exd4 14.Bxd4 Bxd4 15.Qxd4 Ne6
16.Qc3 Nb6 17.Rad1 Qe7 18.Nd6 f6 19.h4 Rad8 20.Nf5 Qc7 21.b4 Rfe8 22.Qb3 Kh8
23.Rxd8 Nxd8 24.Rd1 Nf7 25.a4 Nc8 26.Rd4 Rd8 27.Qxf7  1-0

[Event "Bucharest TIT (Women)"]
[Site "Bucharest"]
[Date "1999.03.16"]
[Round "13"]
[White "Marin Ionescu, Luiza"]
[Black "Grigorieva, Angela"]
[Result "1/2-1/2"]
[WhiteElo "2165"]
[BlackElo "2115"]

1.Nf3 d5 2.g3 c6 3.Bg2 Bg4 4.O-O Nd7 5.d3 Ngf6 6.Nbd2 e5 7.h3 Bh5 8.e4 Bd6
9.exd5 cxd5 10.c4 d4 11.Re1 O-O 12.c5 Bxc5 13.Nc4 Re8 14.g4 e4 15.Ng5 Bg6
16.Nxe4 Nxe4 17.dxe4 Qc7 18.Bd2 b5 19.Na3 Rab8 20.b4 Bd6 21.Rc1 Qd8 22.f4 f6
23.Rc6 Rb6 24.Qc2 Nb8 25.Rxb6 Qxb6 26.Qd3 a6 27.Rc1 Nc6 28.Nc4 Nxb4 29.Bxb4 bxc4
30.Qxc4+ Bf7 31.Bc5 Bxc5 32.Qxc5 Qxc5 33.Rxc5 Bxa2 34.Ra5 Bc4 35.Ra4 Rc8
36.e5 Kf8 37.exf6 gxf6 38.Bb7 Rc7 39.Bxa6 Ra7 40.Rxc4 Rxa6 41.Rxd4 Ra2 42.f5 Kg7
43.Rf4 h5 44.gxh5 Kh6 45.Rg4 Kxh5 46.Rg6 Ra5 47.Rxf6 Kg5  1/2-1/2

[Event "NRW-Liga II 9899"]
[Site "GER"]
[Date "1999.03.16"]
[Round "7"]
[White "Adamski, Jan"]
[Black "Kreutzkamp, Reinhold"]
[Result "1/2-1/2"]
[WhiteElo "2335"]
[BlackElo "2285"]

1.Nf3 d5 2.g3 c6 3.Bg2 Nf6 4.O-O Bg4 5.c4 e6 6.b3 Nbd7 7.Bb2 Be7 8.d3 O-O
9.Na3 a5 10.Nc2 Qb6 11.Rb1 Rfc8 12.Qd2 Qd8 13.Rfc1 Bh5 14.a3 Ne8 15.Ne3 Bf6
16.b4 axb4 17.axb4 Bxf3 18.Bxf6 Ndxf6 19.Bxf3 Nd6 20.Qb2 h6 21.Ra1 Rxa1 22.Rxa1 Ra8
23.Ra3 Nd7 24.Bg2 Qb8 25.Bh3 Rxa3 26.Qxa3 dxc4 27.dxc4 Qc8 28.f4 c5 29.b5 Nb6
30.Qd3 Qc7 31.Bg2 Nd7 32.Bf3 Nf6 33.Kg2 Qe7 34.Kg1  1/2-1/2

[Event "Novgorod op"]
[Site "Novgorod"]
[Date "1999.03.19"]
[Round "10"]
[White "Yandemirov, Valeri"]
[Black "Nadanian, Ashot"]
[Result "1-0"]
[WhiteElo "2475"]
[BlackElo "2413"]

1.Nf3 d5 2.g3 c5 3.Bg2 Nf6 4.O-O Nc6 5.d4 cxd4 6.Nxd4 Na5 7.Nb3 e5 8.Bg5 Be6
9.Nc3 d4 10.Ne4 Nxb3 11.axb3 Be7 12.Nxf6+ gxf6 13.Bh6 Qc7 14.e3 dxe3 15.Bxe3 a6
16.Qh5 O-O-O 17.Rad1 f5 18.Bh6 Kb8 19.Bg7 Rhg8 20.Qxh7 f6 21.Qh6 Rxd1 22.Rxd1 Qxc2
23.Rf1 Qxb2 24.Bxf6 Bxf6 25.Qxf6 Bxb3 26.h4 Bc2 27.Re1 Ka7 28.Rxe5 Be4 29.Bxe4 fxe4
30.Qf4 Rf8 31.Qe3+ Ka8 32.Rxe4 Qb1+ 33.Kg2 Qb5 34.Re5 Qd7 35.h5 Rh8 36.Qe4 Rf8
37.h6 Qf7 38.f4 Rd8 39.h7  1-0

[Event "Novgorod op"]
[Site "Novgorod"]
[Date "1999.03.20"]
[Round "2"]
[White "Loginov, Valery A"]
[Black "Volkov, Sergey"]
[Result "0-1"]
[WhiteElo "2532"]
[BlackElo "2587"]

1.Nf3 d5 2.g3 Bg4 3.Bg2 Nd7 4.c4 e6 5.cxd5 exd5 6.O-O c6 7.d3 Bd6 8.Qc2 Ne7
9.e4 O-O 10.Nc3 Nc5 11.Be3 Ne6 12.Ne2 Qa5 13.Nfd4 Rac8 14.f3 Nxd4 15.Nxd4 Bd7
16.Nb3 Qa4 17.Bc5 Bxc5+ 18.Qxc5 Rfe8 19.f4 b6 20.Qf2 dxe4 21.dxe4 c5 22.f5 Bb5
23.Rfd1 Nc6 24.f6 Ne5 25.fxg7 Bd3 26.Re1 Rcd8 27.h3 Bb5 28.Re3 c4 29.Nd2 Qb4
30.Nf3 Nd3 31.Qe2 Qxb2 32.Qxb2 Nxb2 33.Bf1 Bc6 34.Rb1 Rxe4 35.Rxe4 Bxe4 36.Rxb2 c3
37.Rb3 c2 38.Rc3 Rd1  0-1

[Event "Novgorod op"]
[Site "Novgorod"]
[Date "1999.03.20"]
[Round "2"]
[White "Shvedov, Sergey"]
[Black "Gavrilov, Andrei"]
[Result "1/2-1/2"]
[WhiteElo "2331"]
[BlackElo "2251"]

1.Nf3 d5 2.g3 c6 3.Bg2 Nf6 4.O-O g6 5.b3 Bg7 6.Bb2 Nbd7 7.d3 O-O 8.Nbd2 Re8
9.a4 a5 10.Ra2 Qc7 11.e3 e5 12.e4 Nc5 13.Re1 dxe4 14.dxe4 b5 15.axb5 cxb5
16.Qa1 Nfd7 17.Bf1 Qb6 18.Bc3 a4 19.bxa4 Rxa4 20.Rb1 Rxa2 21.Qxa2 Ba6 22.Bc4 Ne6
23.Bd5 Bb7 24.Ba5 Qa6 25.Bxb7 Qxb7 26.c4 Nd4 27.Nxd4 exd4 28.Rxb5 Qc6 29.Qb1 h5
30.Rd5 Rb8 31.Rb5 Re8 32.Rd5 Rb8 33.Rb5 Re8  1/2-1/2

[Event "Novgorod op"]
[Site "Novgorod"]
[Date "1999.03.20"]
[Round "2"]
[White "Burmakin, Vladimir"]
[Black "Kharlov, Andrei"]
[Result "0-1"]
[WhiteElo "2534"]
[BlackElo "2600"]

1.Nf3 d5 2.g3 Nf6 3.Bg2 g6 4.O-O Bg7 5.d4 c6 6.b3 O-O 7.Bb2 Bf5 8.c4 Ne4
9.Ne5 Nd7 10.Nd3 dxc4 11.bxc4 Nb6 12.g4 Nxc4 13.gxf5 Nxb2 14.Nxb2 Qxd4 15.Qxd4 Bxd4
16.Bxe4 Bxb2 17.Nd2 Bxa1 18.Rxa1 Rac8 19.Rc1 Rfd8 20.Nb3 Rc7 21.Kg2 Kg7 22.Kf3 Kf6
23.fxg6 hxg6 24.h4 Rh8 25.Kg3 Rh5 26.Nc5 b6 27.Na6 Rc8 28.Bxc6 e6 29.Rc2 Ra5
30.Nb4 Ra3+ 31.Nd3 b5 32.Kf4 Ra4+ 33.e4 Rc4 34.Rxc4 bxc4 35.Ne5 c3 36.Ba4 c2
37.Nd3  0-1

[Event "BL2-S9899"]
[Site "Germany"]
[Date "1999.03.21"]
[Round "8.8"]
[White "Schreiner, Richard"]
[Black "Hiermann, Dietmar"]
[Result "0-1"]
[WhiteElo "2200"]
[BlackElo "2269"]

1.Nf3 d5 2.g3 g6 3.d4 Bg7 4.c4 Nf6 5.Nc3 O-O 6.Bg2 c6 7.cxd5 Nxd5 8.O-O Be6
9.Ng5 Nxc3 10.bxc3 Bc4 11.Qc2 Qa5 12.a4 Nd7 13.Ne4 Rfe8 14.Ba3 Rad8 15.Rfb1 Ba6
16.Bf3 Qc7 17.Bb4 Bc4 18.Nd2 Ba6 19.Ne4 Bc4 20.Rb2 Be6 21.Rab1 b6 22.a5 c5
23.Ba3 cxd4 24.axb6 Nxb6 25.cxd4 Qxc2 26.Rxc2 Rxd4 27.Bc5 Ra4 28.Bxb6 axb6
29.Ng5 Bf5 30.e4 Bc8 31.Rxb6 h6 32.Rb8 Ra1+ 33.Kg2 Bh3+ 34.Nxh3 Rxb8 35.Nf4 e6
36.Nd3 Bd4 37.e5 Ra5 38.Re2 Rb3 39.Be4 g5 40.f4 g4 41.f5 Ra1 42.h3 Rd1 43.Nf2 Bxf2
44.Rxf2 Re3 45.Bc2 gxh3+ 46.Kxh3 Rh1+ 47.Kg2 Rhe1 48.fxe6 fxe6 49.Bg6 Rxe5
50.g4 R1e2 51.Bd3 Rxf2+ 52.Kxf2 Kg7 53.Kf3 Kf6 54.Kf4 Rd5 55.Bb1 Rd4+ 56.Kf3 Kg5
57.Ba2 Rf4+ 58.Ke3 e5 59.Be6 Rxg4  0-1

[Event "BL2-S9899"]
[Site "Germany"]
[Date "1999.03.21"]
[Round "8.8"]
[White "Bayer, Bernhard"]
[Black "David, Rene"]
[Result "1/2-1/2"]
[WhiteElo "2305"]
[BlackElo "2235"]

1.Nf3 d5 2.g3 c6 3.Bg2 Nf6 4.O-O h6 5.d3 Bf5 6.c4 e6 7.Qb3 Qb6 8.cxd5 exd5
9.Qxb6 axb6 10.Nc3 Bc5 11.Re1 d4 12.e4 dxe3 13.Bxe3 O-O 14.d4 Bd6 15.d5 Nxd5
16.Nxd5 cxd5 17.Bxb6 Be4 18.a3 Nc6 19.Rad1 Rfe8 20.Nd4 Bxg2 21.Rxe8+ Rxe8
22.Kxg2 Be5 23.Re1 Rc8 24.Nxc6 Rxc6 25.Rxe5 Rxb6 26.b4 Ra6 27.Rxd5 Rxa3 28.Rd8+ Kh7
29.Rd7 Kg6 30.Rxb7 Rb3 31.b5 Kf6 32.b6 Ke6 33.h4 h5 34.Rb8 g6 35.b7 Kf6 36.f3 Kf5
37.Kf2 Kf6 38.g4 hxg4 39.fxg4 Kg7 40.h5 gxh5 41.gxh5 Kh7 42.h6 f5 43.Kg2 f4
44.Kf2 f3 45.Kg3 f2+ 46.Kxf2 Rb2+ 47.Ke3 Rb3+ 48.Kd4 Rb4+ 49.Kc5 Rb1 50.Kc6  1/2-1/2

[Event "BL2-W9899"]
[Site "Germany"]
[Date "1999.03.21"]
[Round "8.1"]
[White "Balashov, Yuri S"]
[Black "Schaefer, Markus"]
[Result "1-0"]
[WhiteElo "2578"]
[BlackElo "2406"]

1.Nf3 d5 2.g3 c6 3.Bg2 Bg4 4.b3 Nd7 5.Bb2 Ngf6 6.d3 e6 7.Nbd2 Bd6 8.O-O O-O
9.c4 Qe7 10.a3 e5 11.h3 Bxf3 12.Bxf3 a5 13.Bg2 Bc7 14.Qc2 Bb6 15.e3 Rfd8
16.Rad1 Nf8 17.b4 Ng6 18.c5 Bc7 19.e4 Nf8 20.Nf3 d4 21.Rb1 Ne6 22.Nd2 h5
23.Nc4 h4 24.Qe2 g6 25.Bc1 hxg3 26.fxg3 Nh5 27.Qf2 Kg7 28.h4 Rf8 29.Bh3 axb4
30.axb4 Kh7 31.Bd2 Nhg7 32.Qf6 Qxf6 33.Rxf6 Bd8 34.Rff1 f5 35.exf5 gxf5 36.Nxe5 Bc7
37.Rbe1 Ra2 38.Rf2 Rfa8 39.Bc1 Rxf2 40.Kxf2 Ra2+ 41.Kf3 Rc2 42.Nc4 Rc3 43.Bf1 Kg6
44.Bd2 Rb3 45.g4 fxg4+ 46.Kxg4 Kf7 47.h5 Ne8 48.h6 Nf8 49.Kf5 Nf6 50.Nd6+ Bxd6
51.cxd6 Ng6 52.h7 Kg7 53.Bh6+ Kxh6 54.Kxf6 Rb2 55.Be2  1-0

[Event "Bundesliga 9899"]
[Site "Germany"]
[Date "1999.03.21"]
[Round "13.7"]
[White "Sandkamp, Ralph"]
[Black "Klebel, Martin"]
[Result "1/2-1/2"]
[WhiteElo "2271"]
[BlackElo "2405"]

1.Nf3 d5 2.g3 g6 3.Bg2 Bg7 4.O-O Nf6 5.d3 O-O 6.c3 Nbd7 7.Nbd2 b6 8.Qc2 Ba6
9.a4 c5 10.a5 Qc8 11.Re1 b5 12.e4 dxe4 13.Nxe4 Nxe4 14.Rxe4 e6 15.Rh4 h5
16.Qb3 Rb8 17.Bf4 e5 18.Bg5 Re8 19.Nd2 Nf6 20.Ne4 Nxe4 21.Bxe4 c4 22.dxc4 bxc4
23.Qc2 Bb7 24.Bxb7 Rxb7 25.Ra4 Rc7 26.Qe4 Qa6 27.Rxc4 Qxa5 28.Rxc7 Qxc7 29.Qa4 Rb8
30.Rc4 Qd6 31.b4 Qd3 32.Qc6 e4  1/2-1/2

[Event "MI Festival"]
[Site "Bucharest"]
[Date "1999.03.24"]
[Round "5"]
[White "Grigore, Nicolae Petre"]
[Black "Ionescu Brandis, Irina"]
[Result "1/2-1/2"]
[WhiteElo "2285"]
[BlackElo "2281"]

1.Nf3 d5 2.g3 Nf6 3.Bg2 Bg4 4.O-O c6 5.d3 e6 6.c4 Be7 7.cxd5 Bxf3 8.Bxf3 cxd5
9.Qb3 Qd7 10.e4 Nc6 11.Be3 O-O 12.Na3 Rac8 13.Qd1 Rfd8 14.Qe2  1/2-1/2

[Event "IND-ch"]
[Site "Nagpur"]
[Date "1999.03.24"]
[Round "2"]
[White "Kunte, Abhijit"]
[Black "Deshmukh, Anup"]
[Result "1/2-1/2"]
[WhiteElo "2455"]
[BlackElo "2430"]

1.Nf3 d5 2.g3 c6 3.Bg2 Bg4 4.b3 Nd7 5.Bb2 Ngf6 6.O-O e6 7.d3 Be7 8.Nbd2 O-O
9.e4 dxe4 10.dxe4 Qc7 11.h3 Bh5 12.Qe1 Rfd8 13.a3 b5 14.e5 Nd5 15.Nd4 Rab8
16.f4 c5 17.Nxb5 Rxb5 18.c4 Nxf4 19.gxf4 Rbb8 20.f5 exf5 21.e6 Bf6 22.Bxf6 Nxf6  1/2-1/2

[Event "MI Festival"]
[Site "Bucharest"]
[Date "1999.03.25"]
[Round "6"]
[White "Istrate, Bogdan"]
[Black "Kostic, Nebojsa"]
[Result "1/2-1/2"]
[WhiteElo "2333"]
[BlackElo "2341"]

1.Nf3 d5 2.g3 c6 3.Bg2 Bg4 4.O-O Nd7 5.d3 e5 6.Qe1 Ngf6 7.e4 dxe4 8.dxe4 a5
9.a4 Bc5 10.Na3 O-O 11.Nc4 Qc7 12.Bd2 b6 13.h3 Be6 14.Qe2 b5 15.axb5 cxb5
16.Nxa5 Bb6 17.Qxb5 Rfb8 18.Kh2 Bxa5 19.Bxa5 Qxc2 20.Qa4 Qxb2 21.Ng5 Bb3
22.Qc6 Qc2 23.Qxc2 Bxc2 24.Bc3 Rxa1 25.Bxa1 h6 26.Nf3 Rb5 27.Nd2 Rb4  1/2-1/2

[Event "IND-ch"]
[Site "Nagpur"]
[Date "1999.03.26"]
[Round "4"]
[White "Suvrajit, Saha"]
[Black "Rathore, SK."]
[Result "1/2-1/2"]
[WhiteElo "2335"]
[BlackElo "2372"]

1.Nf3 d5 2.g3 c5 3.Bg2 Nc6 4.O-O Nf6 5.d3 e5 6.e4 dxe4 7.dxe4 Bg4 8.c3 Be7
9.Qc2 O-O 10.Nbd2 b5 11.Rd1 Qa5 12.Nf1 Rfd8 13.Re1 h6 14.Nh4 Nd4 15.Qb1 Ne2+
16.Kh1 b4 17.Be3 bxc3 18.f3 cxb2 19.Qxb2 Nd4 20.fxg4 Rab8 21.Qc1 Nxg4 22.Nf5 Bf8
23.h3 Nf6 24.Bd2 Qa4 25.N1e3 g6 26.Nxd4 cxd4 27.Nd5 Nh7 28.Qc7 Bd6 29.Qa5 Qxa5
30.Bxa5 Rdc8 31.Rec1 Rxc1+ 32.Rxc1 Rb2 33.Rc8+ Kg7 34.Rd8 Rxa2 35.Rxd6 Rxa5
36.h4 Ra3 37.Kh2 a5 38.Bf1 Nf8 39.Bc4 Ne6 40.Nb6 Nc5 41.Rd5 Nxe4 42.Rxe5 Nd2
43.Kg2 Rc3 44.Bd5 Re3 45.Rxe3 dxe3 46.Nc4 Nxc4 47.Bxc4 f5 48.Kf3 Kf6 49.Kxe3 g5
50.hxg5+ Kxg5  1/2-1/2

[Event "Novgorod op"]
[Site "Novgorod"]
[Date "1999.03.26"]
[Round "8"]
[White "Loginov, Valery A"]
[Black "Kharitonov, Andrei Y"]
[Result "1/2-1/2"]
[WhiteElo "2532"]
[BlackElo "2562"]

1.Nf3 d5 2.g3 c6 3.Bg2 Bg4 4.c4 e6 5.cxd5 exd5 6.O-O Bd6 7.d3 Ne7 8.e4 O-O
9.Nc3 dxe4 10.dxe4 Ng6 11.h3 Bc8 12.Be3 Na6 13.Qe2 Qe7 14.Rad1 Bc5 15.Nd4 Re8
16.f4 f6 17.Kh2 Nf8 18.a3 Bb6 19.b4 Nc7 20.Na4 Qf7 21.Qb2 Bxd4 22.Bxd4 Nb5
23.Bf2 Be6 24.Rd2 a5 25.Nb6 axb4 26.a4 Na3 27.Qxb4 Nc4 28.Nxa8 Nxd2 29.Qxd2 Rxa8
30.a5 Bc4 31.Re1 Re8 32.Bc5 Ne6 33.Bb6 Re7 34.Qc3 Nf8 35.Rc1 Bb5 36.Rd1 Rd7
37.Rd2 Qc4 38.Qxc4+ Bxc4 39.Rxd7 Nxd7 40.Be3 Kf7 41.Kg1 g6 42.Kf2 h5 43.Bd4 Be6
44.Ke3 f5 45.exf5 Bxf5 46.Be5 Nc5 47.Bd6 Nd7 48.Kd4 Ke6 49.Bc5 Nf6 50.h4 Nd5
51.Ba3 Kd7 52.Bf3 Nf6 53.Bc5 Ke6  1/2-1/2

[Event "Novgorod op"]
[Site "Novgorod"]
[Date "1999.03.26"]
[Round "8"]
[White "Shvedov, Sergey"]
[Black "Karpatchev, Aleksandr"]
[Result "0-1"]
[WhiteElo "2331"]
[BlackElo "2477"]

1.Nf3 d5 2.g3 g6 3.Bg2 Bg7 4.O-O e5 5.d3 Nc6 6.e4 Nf6 7.Nbd2 O-O 8.exd5 Nxd5
9.Re1 Re8 10.Nc4 h6 11.c3 a5 12.a4 Bf5 13.Nh4 Be6 14.Nf3 f6 15.Ne3 Kh7 16.d4 e4
17.Nd2 Nxe3 18.Rxe3 f5 19.Re1 Qd7 20.Nf1 Qf7 21.Be3 Rad8 22.Qc1 Ne7 23.f3 exf3
24.Bxf3 Nd5 25.Bf2 f4 26.Nd2 Bh3 27.Re4 Rxe4 28.Bxe4 Re8 29.Qc2 Nf6 30.Bf3 Ng4
31.Re1 Nxf2 32.Kxf2 Bf5 33.Qb3 fxg3+ 34.hxg3 Qxb3 35.Nxb3 Rxe1 36.Kxe1 b6
37.Nd2 Bf8 38.Ne4 Kg7 39.g4 Be6 40.Nd2 Bd6 41.d5 Bd7 42.b3 Kf6 43.Ke2 Ke5
44.Ke3 Bc5+ 45.Kd3 Kf4 46.Be4 g5 47.Nf3 Bxg4 48.Nd4 Bxd4 49.Kxd4 Bd1  0-1

[Event "Hessen-ch op"]
[Site "Baunatal"]
[Date "1999.03.27"]
[Round "3"]
[White "Lange, Klaus"]
[Black "Stock, Juergen"]
[Result "1-0"]
[WhiteElo "2188"]
[BlackElo "2006"]

1.Nf3 d5 2.g3 c6 3.Bg2 f5 4.b3 e6 5.Bb2 Nf6 6.O-O Be7 7.c4 O-O 8.d4 Ne4 9.Nc3 Nd7
10.Nd2 Qe8 11.f3 Nxc3 12.Bxc3 f4 13.Qe1 Bd6 14.e4 fxg3 15.hxg3 Qg6 16.e5 Be7
17.f4 b6 18.Qe3 Bb7 19.Rf2 Rad8 20.Bb2 c5 21.cxd5 exd5 22.Raf1 cxd4 23.Bxd4 Bc5
24.Bxc5 Nxc5 25.f5 Qg4 26.Rf4 Qg5 27.Qd4 Qxg3 28.e6 Rfe8 29.Rg4 Qc7 30.f6 Nxe6
31.f7+ Qxf7 32.Rxf7 Nxd4 33.Rgxg7+ Kh8 34.Rxh7+ Kg8 35.Rfg7+ Kf8 36.Rxb7 Ne6
37.Rh8+  1-0

[Event "Bled op"]
[Site "Bled"]
[Date "1999.03.27"]
[Round "8"]
[White "Tratar, Marko"]
[Black "Sveshnikov, Evgeny"]
[Result "1-0"]
[WhiteElo "2450"]
[BlackElo "2563"]

1.Nf3 d5 2.g3 c6 3.Bg2 Nf6 4.O-O Bf5 5.d3 e6 6.Nbd2 Be7 7.b3 a5 8.a3 O-O
9.Bb2 Nbd7 10.c4 h6 11.Qc2 Qb8 12.Bc3 e5 13.e4 Bh7 14.Nh4 Re8 15.Bh3 b5 16.Nf5 Bf8
17.f4 b4 18.axb4 Bxb4 19.fxe5 Bxc3 20.Qxc3 Rxe5 21.exd5 cxd5 22.d4 Re2 23.Rae1 Bxf5
24.Bxf5 Qe8 25.Rxe2 Qxe2 26.c5 Ng4 27.Bxg4 Qxg4 28.Nf3 Nf6 29.Ne5 Qe6 30.Nf3 Ne4
31.Qd3 Re8 32.Nd2 Nf6 33.Nf3 Qe3+ 34.Qxe3 Rxe3 35.Ne5 Rxb3 36.Ra1 Ne4 37.Rxa5 f6
38.Nc6 Kf7 39.Ra7+ Kg6 40.Ne7+ Kg5 41.c6 Kg4 42.c7 Nd6 43.c8=Q+ Nxc8 44.Nxc8 g5
45.Ne7 Rb1+ 46.Kf2 Rb2+ 47.Ke3 Rxh2 48.Nxd5 f5 49.Rf7 Rg2 50.Kd3 Rxg3+ 51.Ne3+ Kh5
52.Rxf5 Rg1 53.d5 Kg6 54.d6 Ra1 55.d7 Ra8 56.Rd5 Rd8 57.Rd6+ Kf7 58.Nf5 g4
59.Nxh6+ Kf8 60.Ke3 Kg7 61.Nf5+ Kh7  1-0

[Event "Bled op"]
[Site "Bled"]
[Date "1999.03.27"]
[Round "8"]
[White "Dobrotka, Martin"]
[Black "Soln, Primoz"]
[Result "1/2-1/2"]
[WhiteElo "2231"]
[BlackElo "2425"]

1.Nf3 d5 2.g3 Nf6 3.Bg2 c6 4.d3 Bg4 5.Nbd2 Nbd7 6.c4 e6 7.b3 a5 8.Bb2 a4
9.bxa4 Bxf3 10.Bxf3 dxc4 11.Nxc4 Bb4+  1/2-1/2

[Event "MI Festival"]
[Site "Bucharest"]
[Date "1999.03.27"]
[Round "8"]
[White "Istrate, Bogdan"]
[Black "Solcanean, Serghei"]
[Result "0-1"]
[WhiteElo "2333"]
[BlackElo "2260"]

1.Nf3 d5 2.g3 Nf6 3.Bg2 c6 4.O-O Bf5 5.d3 h6 6.h3 e6 7.Nfd2 Bc5 8.e4 dxe4
9.dxe4 Bh7 10.e5 Nfd7 11.Nc3 Nxe5 12.Qh5 Nbd7 13.Nde4 Be7 14.Bf4 Bg6 15.Qe2 O-O
16.Rad1 Bxe4 17.Nxe4 Ng6 18.Bc1 Qc7 19.h4 Rfd8 20.h5 Ngf8 21.b3 Nf6 22.Nxf6+ Bxf6
23.Be4 Rxd1 24.Rxd1 Rd8 25.Bd3 Rd5 26.Be4 Rd7 27.Qg4 Rxd1+ 28.Qxd1 Qe5 29.Bf3 Qd4
30.Be3 Qxd1+ 31.Bxd1 b6 32.Bf3 c5 33.Bc6 Bd4 34.Bf4 e5 35.Bd2 Bb2 36.c3 Nh7
37.Kf1 Kf8 38.Ke2 Ke7 39.Kd3 a5 40.a4 Kd6 41.Bb5 Ba3 42.Bc4 f5 43.Kc2 Nf6
44.Kb1 Nxh5 45.Ka2 Bb4 46.cxb4 axb4 47.Kb2 g5 48.Kc2 f4 49.gxf4 exf4 50.Bc1 Nf6
51.f3 Nd7 52.Bb2 Ne5 53.Bxe5+ Kxe5 54.Kd3 h5 55.Ba6 g4 56.fxg4 hxg4 57.Bc8 g3
58.Bb7 Kf5 59.Bf3 Kg5 60.Kc4 Kh4 61.Kb5 c4 62.Kxc4  0-1